000 00599nam a2200217Ia 4500
003 OSt
005 20221007082927.0
006 a|||||r|||| 00| 0
007 ta
008 221006b |||||||| |||| 00| 0 eng d
024 _a41,500
037 _cDissertations
040 _aFLL
_cFLL
_beng
041 _2eng
_aeng
100 _aAkash Anand
_9699830
245 0 _aReservation as an affirmative action
_b judicial and political approach , its fecundity and the way forward
260 _c2013
300 _ad.p.
_ccm.
942 _cDIS
_2CC
999 _c1168197
_d1168197